| 000 | 01260 a2200325 4500 | ||
|---|---|---|---|
| 264 |
_aAnkara: _bİstanbul Teknik Üniversitesi Fen Bilimleri Enstitüsü, _c1989 |
||
| 999 |
_c200420240 _d37138 |
||
| 001 | 200420240 | ||
| 003 | TR-AnTOB | ||
| 005 | 20260210133939.0 | ||
| 008 | 140916s1989 tu 000 0 | ||
| 040 |
_aTR-AnTOB _cTR-AnTOB |
||
| 041 | 0 | _atur | |
| 099 | _aTEZ ITU FBE MİM Ph.D’89 ULU | ||
| 100 | 1 |
_aUlusaraç, Gülay _9101036 |
|
| 245 | 1 | 0 |
_aEdirne - Kaleiçi'ndeki tarihsel konutların korunma ve kullanım olanakları açısından değerlendirilmesi / _cY.Mim. Gülay Ulusaraç (Kepsutlu). |
| 300 |
_axv, 187 sayfa; _bresim; _c29 cm. |
||
| 336 |
_2rdacontent _atext _btxt |
||
| 337 |
_2rdamedia _aunmediated _bn |
||
| 338 |
_2rdacarrier _avolume _bnc |
||
| 502 | _aTez (Doktora) - İstanbul Teknik Üniversitesi Fen Bilimleri Enstitüsü - Ekim 1989 | ||
| 504 | _aIncludes bibliographical references | ||
| 650 | 0 | 0 |
_aTezler, Akademik _zTürkiye _vSüreli yayınlar _915848 |
| 650 | 0 | 0 |
_aDissertations, Academic _zTurkey _915846 |
| 653 | _aTarihsel yerleşimin korunması | ||
| 653 | _aTarihi konutlar. | ||
| 653 | _aMimarlık. | ||
| 720 | _aTOBB Ekonomi ve Teknoloji Üniversitesi Fen Edebiyat Fakültesi Tarih Bölümü | ||
| 942 |
_cTEZ _2z |
||